| 000 | 01049nam a2200313Ia 4500 | ||
|---|---|---|---|
| 005 | 20220316235932.0 | ||
| 008 | 141017s2003 ck gr 000 0 spa | ||
| 020 | _a9580469105 | ||
| 041 | 1 | _aspa | |
| 100 | 1 |
_aQuiroga, Horacio _d1878-1937 |
|
| 245 | 1 | 3 |
_aEl hombre muerto _cHoracio Quiroga ; traducción, Iván Hernández Arbeláez |
| 250 | _aTercera edición | ||
| 300 |
_a134, 73 páginas _c21 cm |
||
| 490 | 0 | _aColección cara y cruz | |
| 500 | _aIncluye cronología | ||
| 501 | _aA propósito de Horacio Quiroga y su obra | ||
| 505 | _aEl hijo ; Los prec | ||
| 600 | 1 | 4 |
_aQuiroga, Horacio _d1878-1937 _xCrítica e interpretación _96333 |
| 650 | 1 | 4 |
_aCuentos uruguayos _2LEMB |
| 650 | 1 | 4 |
_aLiteratura uruguaya _2LEMB |
| 700 | 1 |
_aHernández Arbeláez, Iván _d1928- _etraductor _96336 |
|
| 942 |
_2loc _cBKLIT |
||
| 264 |
_aBogotá _bNorma _c2003 |
||
| 336 |
_atexto _btxt _2rdacontent |
||
| 337 |
_asin mediación _bn _2rdamedia |
||
| 338 |
_avolumen _bnc _2rdacarrier |
||
| 040 |
_aCO-BoRNBP _bspa _erda _cCO-BoRNBP |
||
| 084 | _aC QUI1 | ||
| 999 |
_c2650 _d2650 |
||